| 000 | 00673nam a22001457a 4500 | ||
|---|---|---|---|
| 020 | _a0-7497-0817-4 | ||
| 082 |
_a823 _bBLY/F |
||
| 100 | _aENID BLYTON | ||
| 245 | _aTHE FAMILY AT RED - ROOFS | ||
| 260 |
_aGREAT BRITAIN _bMAMMOTH _c1945 |
||
| 300 | _a163 | ||
| 520 | _aMOLLY, PETER, MICHAEL AND SHIRLEY ARE THRILLED WITH THEIR LOVELY NEW HOUSE ON THE HILL. IT'S JUST PERFEVT AND THEY'VE HEARED IT'S A LUCKU HOUSE TOO. BUT THE LUCK DOESN'T LAST LONG. THEIR FATHER GOES TO WORK ABROAD, AND THEIR MOTHER HAS TO GO TO HOSPITAL. AND THEN THEY RECEIVE SOME TERRIBLE NEWS WHICH IS TO CHANGE THEIR LIVES COMPLETELY... | ||
| 650 |
_aCHILDREN'S STORY BOOK _zUNITED KINGDOM |
||
| 942 | _cBK | ||
| 999 |
_c221 _d221 |
||